000 00451nam a22001457a 4500
999 _c7776
_d7774
005 20210325141818.0
008 210325b ||||| |||| 00| 0 eng d
082 _a345.408 23
100 _aMANOHAR AND CHITALEY
_96503
245 _aTHE AIR MANUAL CIVIL AND CRIMINAL SAARC CONVENTION ACT [1993] TO STAMP ACT [1899] , SECTION-61, [VOL-42]
260 _aNAGPUR
_bTHE ALL INDIA REPORTER PVT.LTD.
300 _a1940,p
650 _aLAW
_95701
942 _cJRL